000
00376nam a2200145Ia 4500
008
231129s2003||||xx |||||||||||||| ||spa||
020
_a
84-8310-464-4
040
_b
spa
082
_a
920.5 L668q
100
_a
Lévy Bernard-Henri
245
0
_a
Quién mató a Daniel Pearl?
260
_c
2003
264
_a
Tusquets
942
_2
ddc
_c
BKS
999
_c
23633
_d
23633